| 000 | 01310 a2200229 4500 | ||
|---|---|---|---|
| 020 | _a0761946535 | ||
| 040 |
_aDLC _bDLC |
||
| 082 | 0 | 0 | _a371.9072 |
| 100 | 1 | _aMertens, Donna M. | |
| 245 | 1 | 0 |
_aResearch and evaluation methods in special education _cDonna M. Mertens, John A. McLaughlin. |
| 260 |
_aThousand Oaks, Calif. : _bCorwin Press, _cc2004. |
||
| 300 |
_axiv, 275 p. : _bill. ; _c27 cm. |
||
| 505 | 0 | _aProgram evaluation -- Literature review -- Quantitative research methods -- Other quantitative approaches -- Qualitative methods -- Mixed methods and mixed model designs -- Identification and selection of research participants -- Information collection -- Data analysis, interpretation, and use. | |
| 650 | 0 |
_aSpecial education _xResearch _zUnited States _xMethodology. |
|
| 650 | 0 |
_aChildren with disabilities _xEducation _xResearch _zUnited States _xMethodology. |
|
| 650 | 0 |
_aEducational evaluation _zUnited States. |
|
| 700 | 1 |
_aMcLaughlin, John A. _d1943- |
|
| 856 | 4 | 1 |
_3Table of contents only _uhttp://www.loc.gov/catdir/toc/ecip044/2003012010.html |
| 856 | 4 | 1 |
_3Publisher description _uhttp://www.loc.gov/catdir/enhancements/fy0657/2003012010-d.html |
| 856 | 4 | 1 |
_3Contributor biographical information _uhttp://www.loc.gov/catdir/enhancements/fy0734/2003012010-b.html |
| 942 |
_cBK _k371.9072 MER _2ddc |
||
| 999 |
_c7346 _d7346 |
||